Foreign direct investment in Slovakia and its impact on the labor market

Vývoj PZI v rokoch 1993-2015. Analýza motivácií a stratégií spoločností investujúcich na Slovensku. Vplyv PZI na trh práce na Slovensku.

Na minha lista:
Detalhes bibliográficos
Autor principal: Přívarová, Magdaléna, 1955-
Outros Autores: Přívara, Andrej, 1983-
Formato: Capítulo de Livro
Idioma:inglês
Assuntos:
Tags: Adicionar Tag
Sem tags, seja o primeiro a adicionar uma tag!

MARC

LEADER 00000naa$a2200000$$$4500
001 0222736
005 20240712104346.5
041 0 |a eng 
044 |a BG 
245 1 0 |a Foreign direct investment in Slovakia and its impact on the labor market  |c Magdaléna Přívarová, Andrej Přívara 
520 |a Vývoj PZI v rokoch 1993-2015. Analýza motivácií a stratégií spoločností investujúcich na Slovensku. Vplyv PZI na trh práce na Slovensku. 
610 2 0 |a investície priame zahraničné 
610 2 0 |a investori 
610 2 0 |a motivácia 
610 2 0 |a stimuly 
610 2 0 |a trh práce 
610 2 0 |a nezamestnanosť 
610 2 0 |a cena práce 
610 2 0 |a Slovensko 
100 1 |a Přívarová, Magdaléna, 1955- 
700 1 |a Přívara, Andrej, 1983-